header

Growing apart (Record no. 108069)

MARC details
000 -LEADER
fixed length control field 02172nam a2200433 a 4500
082 04 - DEWEY DECIMAL CLASSIFICATION NUMBER
Classification number 330.9598
100 1# - MAIN ENTRY--AUTHOR NAME
Personal name Lewis, Peter,
245 10 - TITLE STATEMENT
Title Growing apart
260 ## - PUBLICATION, DISTRIBUTION, ETC. (IMPRINT)
Place of publication Ann Arbor :
Name of publisher University of Michigan Press,
Year of publication c2007.
300 ## - PHYSICAL DESCRIPTION
Number of Pages xi, 345 p. :
Other physical details ill.
490 1# - SERIES STATEMENT
Series statement Interests, identities, and institutions in comparative politics
505 0# - FORMATTED CONTENTS NOTE
Formatted contents note Introduction -- The political economy of development -- Growing apart : divergent political economies -- Indonesia : crisis, reform, and growth -- Nigeria : division, distribution, and decline -- Comparing economic performance -- After the fall : the dynamics of attempted reform in Indonesia -- Predatory rule, transition, and malaise in Nigeria -- Conclusion : Indonesia and Nigeria in comparative perspective.
856 40 - ELECTRONIC LOCATION AND ACCESS
Uniform Resource Identifier http://site.ebrary.com/lib/rucke/Doc?id=10356840

No items available.

© 2026 Rongo University
Contact us: librarian | system librarian | Rongo university